000 00873nam a2200253Ia 4500
001 27461
003 91458
005 20251029075751.0
008 ||||||n9999 ||| || ||
041 _aspa
100 _aContreras Ruiz, Wilder
_938748
245 0 _aDiseno del sistema de control interno para la Universidad Pedaqogica Nacional
260 _aBogotá :
_bEscuela Superior de Administración Pública - ESAP,
_c1994.
300 _a329h
500 _aESAP. Facultad de Ciencias politicas y Administrativas. Grado. Administrador Publico
562 _e1
650 0 _aCONTROL INTERNO
_912480
650 0 _aGESTIÓN ADMINISTRATIVA DE PERSONAL
_911866
650 _aSISTEMAS DE CONTROL
_910355
650 0 _aTesis y disertaciones académicas
_93
650 0 _aUNIVERSIDAD PEDAGOGICA NACIONAL
_y1996
_940165
650 0 _aUniversidades
_9115
942 _cTESIS
999 _c27461
_d27461